La verdad de la guerra / (Record no. 152755)
[ view plain ]
| 000 -LEADER | |
|---|---|
| campo de control de longitud fija | 00688nam a2200193 i 4500 |
| 001 - NÚMERO DE CONTROL | |
| campo de control | 152755 |
| 003 - IDENTIFICADOR DE NÚMERO DE CONTROL | |
| campo de control | ES-MaACL |
| 005 - FECHA Y HORA DE LA ÚLTIMA TRANSACCIÓN | |
| campo de control | 20230906204849.0 |
| 008 - DATOS DE LONGITUD FIJA--INFORMACIÓN GENERAL | |
| campo de control de longitud fija | 931025s1898 sp |||| | spa d |
| 100 1# - ENTRADA PRINCIPAL--NOMBRE DE PERSONA | |
| Nombre de persona | Bronson Rea, George. |
| 9 (RLIN) | 126187 |
| 245 13 - MENCIÓN DEL TÍTULO | |
| Título | La verdad de la guerra / |
| Mención de responsabilidad, etc. | revelaciones de Un periodista yankee ; traducción directa del inglés. |
| 260 ## - PUBLICACIÓN, DISTRIBUCIÓN, ETC. | |
| Lugar de publicación, distribución, etc. | Madrid : |
| Nombre del editor, distribuidor, etc. | [s.n.], |
| Fecha de publicación, distribución, etc. | 1898 ( |
| Fabricante | Tipografía Herres, á cargo de J. Quesada) |
| 300 ## - DESCRIPCIÓN FÍSICA | |
| Extensión | 183 p., [4] h. de fot. en bl. y n. ; |
| Dimensiones | 19 cm. |
| 594 #1 - Nota al título y mención de responsabilidad | |
| Nota al título y mención de responsabilidad | Precede al tít.: Entre los rebeldes. |
| 700 01 - ENTRADA AGREGADA--NOMBRE PERSONAL | |
| Nombre de persona | Herres, |
| Término indicativo de función/relación | |
| 9 (RLIN) | 127933 |
| 752 ## - ENTRADA AGREGADA--NOMBRE JERÁRQUICO DEL LUGAR | |
| País o entidad superior | España - |
| Ciudad | Madrid |
| 852 ## - LOCALIZACIÓN | |
| Ubicación | ES-MaACL |
| Número de control de estantería | D-2095 |
| Nota libre | -- Rust. |
| Estatus retirado | Estado de pérdida | Estado de daño | No para préstamo | Colección | Biblioteca de origen | Biblioteca actual | Ubicación en estantería | Fecha de adquisición | Fuente de adquisición | Total de préstamos | Signatura topográfica completa | Código de barras | Visto por última vez | Precio de reemplazo | Tipo de ítem Koha |
|---|---|---|---|---|---|---|---|---|---|---|---|---|---|---|---|
| Libros del s. XIX | Biblioteca del Ateneo de Madrid | Biblioteca del Ateneo de Madrid | Sala Valle Inclán | 17/01/2008 | D-2095 | 901159532 | 23/02/2023 | 23/02/2023 | Libro impreso antiguo |
